[Event "Staunton Memorial 6th"]
[Site "London"]
[Date "2008.08.07"]
[Round "1"]
[White "Smeets, Jan"]
[Black "Adams, Michael"]
[Result "0-1"]
[WhiteElo "2593"]
[BlackElo "2735"]
[Annotator "Adams,M"]
[PlyCount "56"]
[EventDate "2008.08.07"]
[EventType "tourn"]
[EventRounds "11"]
[EventCountry "ENG"]
[EventCategory "13"]
[SourceTitle "CBM 126"]
[Source "ChessBase"]
[SourceDate "2008.10.01"]
[SourceVersion "1"]
[SourceVersionDate "2008.10.01"]
[SourceQuality "1"]

1. e4 e5 2. Nf3 Nc6 3. d4 exd4 4. Nxd4 Nf6 5. Nxc6 bxc6 6. e5 Qe7 7. Qe2 Nd5 8.
c4 Ba6 9. b3 O-O-O 10. Bb2 ({The theoretical move is Der Theoriezug ist} 10. g3
) 10... Qg5 11. Qf3 ({Adventurous stuff. After the natural Abenteuerlustig.
Nach dem natürlichen} 11. Nd2 Bb4 12. a3 Nf4 13. Qe3 Nxg2+ 14. Bxg2 Qxg2 15.
O-O-O Bxd2+ 16. Qxd2 Qf3 {Black is marginally better, but White has completed
development. steht Schwarz marginal besser, aber Weiß hat seine Entwicklung
vollendet.}) 11... Bb4+ 12. Kd1 Nf4 $5 ({More ambitious than Ehrgeiziger als} 
12... Nb6 {This had to be precisely calculated. The simple retreat might be
objectively better as in the game my opponent misses a good opportunity on
move 18. Dies musste genau berechnet werden. Der einfache Rückzug könnte
objektiv besser sein, denn in der Partie verpasst mein Gegner eine gute
Möglichkeit im 18. Zug.}) 13. h4 Qh6 14. g3 ({The immediate retreat Der
sofortige Rückzug} 14. Bc1 $6 {is effectively defused by wird wirksam
entschärft durch} d6 15. e6 Qf6) 14... Ne6 15. Bc1 ({Jan could play Jan konnte
hier oder an einigen anderen Stellen} 15. a3 {here or on a couple of other
occasions, but I think he was wise to refrain. einschalten, aber ich denke, es
war klug von ihm, es nicht zu tun.} Be7 (15... Bc5 $5) 16. Bc1 g5 17. hxg5 Qg7
{doesn't look pretty. sieht nicht schön aus.}) 15... Qg6 ({Another critical
move here is Ein anderer kritischer Zug hier ist} 15... g5 16. hxg5 Qf8 {
leading to a position which is rather hard to assess but the difference in
development does look rather alarming. , was zu einer recht schwer
einzuschätzenden Stellung führt, allerdings wirkt der Unterschied in punkto
Entwicklung ziemlich alarmierend.} ({I didn't like} 16... Qg7 17. Qf6 {during
the game, but of course this is also rather messy missfiel mir während der
Partie, aber natürlich ist auch dies ziemlich chaotisch.})) 16. h5 Qc2+ $1 ({
This unusual way of exchanging queens had to be tried as Dieser ungewöhnliche
Weg zum Damentausch war nötig, denn} 16... Nd4 17. hxg6 Nxf3 18. gxh7 {is good
for White. ist gut für Weiß.}) 17. Kxc2 Nd4+ 18. Kd3 $2 ({During the game I
thought the king had to go walkabout, but the computer, which can always be
relied upon to ruin your favourite games, points out that after Während der
Partie hielt ich den Königsmarsch für erzwungen, aber der Computer, der immer
zuverlässig die eigenen Lieblingspartien ruiniert, weist darauf hin, dass nach
} 18. Kb2 $1 Nxf3 19. Be2 $1 {things are not so clear as the pawn cannot be
captured because die Dinge nicht so klar sind, da der Bauer nicht zu schlagen
ist, weil} Nxe5 $2 (19... Nd4 20. Bg4 {would have to be played but White looks
in good shape here müsste wohl geschehen, hier aber scheint Weiß gut zu stehen.
}) 20. f4 {traps the elusive knight. In the game it continues to dodge its
pursuers. den unbändigen Springer fängt. In der Partie entkommt er seinen
Häschern immer wieder.}) 18... Nxf3 19. Ke4 ({Developing a piece would be a
mistake: Eine Figur zu entwickeln, wäre ein Fehler:} 19. Bb2 $2 Ne1+ 20. Ke2
Nc2) 19... Nxe5 ({Another good possibilty was Eine weitere gute Möglichkeit war
} 19... c5 $5 {as , denn} 20. Kxf3 Bb7+ {wins the exchange. gewinnt die
Qualität.}) 20. h6 ({Smeets should have bailed out with Smeets hätte seinen
Kopf aus der Schlinge ziehen können mit} 20. Kxe5 Be7 21. Nc3 Bf6+ 22. Kf4 Bxc3
{From now on his monarch is fighting a lone battle. Von jetzt an kämpft sein
Monarch eine einsame Schlacht.}) 20... Ng4 ({The computer is initially
enthusiastic about the weird continuation Der Computer begeistert sich
anfänglich für die seltsame Fortsetzung} 20... g6 21. Kxe5 Rhe8+ 22. Kf6 (22.
Kd4 c5+ 23. Kd3 Bb7 24. Rh4 Re1 {is the clever idea ist die clevere Idee.})
22... Be7+ 23. Kxf7 Rf8+ 24. Kg7 Rh8 {but can't seem to find a mate.
Development is very overrated! , scheint aber kein Matt finden zu können.
Entwicklung wird sehr überschätzt!} (24... Bf6+ 25. Kxh7 {seems to justify the
king walk scheint den Königsmarsch zu rechtfertigen.})) 21. hxg7 Rhg8 22. Kf5 (
{White's king continues his forward march as there's not much to recommend his
position after Der König von Weiß setzt seinen Vorwärtsgang fort, denn nach} 
22. Kf3 Rxg7 {ist seine Stellung wenig ersprießlich.}) 22... Rxg7 23. f3 Nf2 {
The knight leads a charmed life. Der Springer hat sieben Leben.} 24. Rh2 Bc5 {
Threatening Bd4. Drohend Bd4.} 25. Bh6 Rg6 26. Nd2 Bd4 27. Bg5 ({After Nach} 
27. Re1 Rf6+ 28. Kg5 Rg8+ 29. Kh5 Rf5+ 30. Kh4 {macht} Bf6+ {finishes up.
reinen Tisch.}) 27... Re8 28. Rxf2 ({I was hoping to create a beautiful mate
after Ich hatte gehofft, ein schönes Matt zu kreieren nach} 28. f4 Kb8 {
planning Bc8 and d5, but my opponent saw it coming and opted for a less
glorious death. In any case mit dem Plan Bc8 und d5, aber mein Gegner sah es
kommen und wählte einen weniger glorreichen Tod. So oder so verhindert} 29.
Rxf2 {prevents immediate mate. das sofortige Matt.}) 28... Re5+ 0-1

[Event "Asia Chess Cup"]
[Site "Abu Dhabi"]
[Date "2016.03.29"]
[Round "2.1"]
[White "Adhiban, Baskaran"]
[Black "Gundavaa, Bayarsaihan"]
[Result "1-0"]
[WhiteElo "2663"]
[BlackElo "2517"]
[Annotator "Adhiban,B"]
[PlyCount "71"]
[EventDate "2016.03.28"]
[EventType "team-swiss"]
[EventRounds "9"]
[EventCountry "UAE"]
[SourceTitle "CBM 172"]
[Source "ChessBase"]
[SourceDate "2016.05.12"]
[SourceVersion "1"]
[SourceVersionDate "2016.05.12"]
[SourceQuality "1"]
[WhiteTeam "India"]
[BlackTeam "Mongolia"]
[WhiteTeamCountry "IND"]
[BlackTeamCountry "MGL"]

1. e4 e5 2. Nf3 Nc6 3. d4 exd4 4. Nxd4 Qf6 {A funny line!} 5. Nxc6 Bc5 {
Back to the main lines!} 6. Qf3 Qxf3 {Slightly dubious Black needn't hurry
with this exchange.} ({Previously I had faced} 6... bxc6 7. Nd2 d6 8. Nb3 Bb6
9. a4 a5 10. Bd2 Qxf3 11. gxf3 Ne7 12. Be3 Bxe3 13. fxe3 O-O 14. O-O-O Re8 (
14... f5 15. e5 dxe5 16. Bc4+ Kh8 17. Nc5 $16) 15. Rg1 $14 {(Adhiban-Debashis
2012)}) 7. gxf3 bxc6 8. Nd2 (8. Rg1 {is useless due to} Ne7 $1) 8... Ne7 9. Nb3
Bb6 10. a4 a5 (10... a6 11. Be3 $1 (11. a5 Ba7 12. Be3 d6 $1 {Black needn't
take on e3 and the a5-pawn might feel uncomfortable after ...c5, ...Nc6.})
11... Bxe3 12. fxe3 {[%csl Ya6] and a6 feels stupid.}) 11. Be3 f5 (11... Bxe3
12. fxe3 d6 13. O-O-O O-O {Generally this position arises with Black to move,
hence White is just playing with an extra move!} 14. h4 $5) 12. Bxb6 ({Maybe
it was better to delay taking on b6:} 12. e5 $5 Bxe3 13. fxe3 f4 {I wasn't
sure if it was a good idea to allow this.} 14. exf4 (14. Rg1 $1 $16 {Comp})
14... O-O 15. Bc4+ Kh8 {Black is not doing so bad.}) 12... cxb6 13. e5 $1 {
Restricting Black's play.} (13. O-O-O fxe4 14. fxe4 O-O 15. Rd2 Ng6 $15 {
Black's pieces become a little bit active.}) 13... Ba6 $6 {Gives free play to
White.} (13... Ng6 14. O-O-O {was the point.}) (13... Bb7 14. Rg1 g6 15. Nd2 {
[%cal Gd2c4] White has a slight pull.}) 14. Bxa6 (14. O-O-O {would allow} Bxf1
15. Rhxf1 O-O-O {with a defendable endgame.}) 14... Rxa6 15. O-O-O Ra7 16. Rd6
$1 f4 $6 (16... Kf7 $5 17. Re1 {with e6 next and Black's weak queenside will
slowly start to feel the heat.} ({Another good move is} 17. Rhd1 Rd8 18. e6+ (
18. Nd2 Nc8 19. e6+ Ke7) 18... Ke8 19. Nd4 $16)) 17. e6 {Just in time before
Black gets in ...Nf5, ...Ke7.} dxe6 $6 (17... Rf8 {looked more stubborn.} 18.
Re1 (18. Nd4 $5 Rf6) (18. Rhd1 dxe6 19. Rxe6 Rf6) 18... Rf6 19. Nd4 dxe6 20.
Rdxe6 Rxe6 21. Nxe6 {with a long endgame grind.} ({The computer prefers} 21.
Rxe6 Rc7 (21... Kf7 22. Nxc6) 22. Re4 $14)) 18. Rxe6 Rd7 19. Rhe1 Kf7 20. Nd2
$1 (20. c4 {was another exciting option but I didn't like} Ra8 21. c5 bxc5 22.
Nxc5 Rc7 {with ...Nd5 next and the worst is over for Black.}) (20. Nd4 Rc8 $16
{White's position is really commanding but game continuation looked more
strong and greedy :).}) 20... Rhd8 ({After} 20... b5 {I was planning to
continue with} 21. axb5 ({Another strong move was} 21. Nb3 $5 Ra8 (21... bxa4
22. Nxa5) 22. Nc5 $16) 21... cxb5 22. Rb6 $1 (22. Ra6 a4 23. Ne4 Rb8 {Black
holds the position.} (23... Rhd8 24. Nc5)) 22... Rhd8 (22... b4 23. Nc4) 23.
Nb3 a4 24. Nc5 Rd5 25. Rb7 $5 Rxc5 26. Rexe7+ $16) 21. Nc4 b5 22. Nxa5 ({
Maybe a simpler way was} 22. axb5 cxb5 23. Nxa5 Ra8 24. b4 Nd5 {Black looked
somewhat active I thought, but after} 25. R6e5 $1 $16 {White is clearly better.
}) 22... Ra8 23. Rxe7+ $5 {My game against Safarli taught me not to
underestimate the combined strength of a knight and passed pawns.} (23. b4 bxa4
24. R6e4 $1 {(the computer's suggestion)} (24. Kb2 c5 $1) 24... a3 25. Rxf4+
Kg8 26. Rc4 $16) 23... Rxe7 24. Rxe7+ Kxe7 25. Nxc6+ Kd6 (25... Kd7 $1 {
The king will be better placed in the upcoming endgame battle.} 26. axb5 Ra1+
27. Kd2 Rh1 $17 {and the computer actually prefers Black since Black is much
faster in the upcoming pawn race. Hence objectively this exchange sacrifice
was wrong.}) 26. axb5 Ra1+ (26... Kc5 27. c4 $1 Kxc4 28. b6 Kd3 29. Kb1 $1 {
was a nice line.} (29. b4 {is bad due to} Ra6 $1)) 27. Kd2 Rh1 28. Nd4 {
The knight is best placed here since it doesn't get in the way of the pawns
and also can keep an eye on the kingside.} (28. c4 Rxh2 29. Ke2 {was my
original intention but I started to have doubts whether the pawns were
sufficient.} h5 30. b4 Kc7 31. c5 Rh1 32. Ne7 h4 33. b6+ Kb7 34. Nf5 Rc1 $1 35.
Nxh4 Rc4 $11) 28... Rxh2 (28... Kc5 29. b4+ $1 {was a cute trick.} Kb6 (29...
Kxb4 30. b6 {[%cal Gb6b7,Gd4b3]}) (29... Kxd4 30. b6 Rb1 31. b7 Rxb4 32. c3+
$18) 30. c4 Rxh2 31. c5+ Kb7 32. Kd3 Rxf2 33. b6 h5 34. Kc4 $1 $18 {[%cal
Gc4b5]}) 29. b6 $1 Kd7 ({Black's last chance was in} 29... Rxf2+ {It was hard
to decide between} 30. Kd3 ({and} 30. Ke1 $5 Rg2 31. b4 {also looked very
strong} Kd7 32. c4 {Passed pawns coming through!} Rb2 33. b5 h5 34. c5 Kc8 35.
c6 {Black looks totally lost but he has a cold blooded defence in the form of}
g6 $1 $17 {[%csl Rd4]}) 30... h5 31. b4 Kd7 (31... h4 32. c4 h3 33. c5+ Kd7 (
33... Kd5 34. b7 h2 35. b8=Q h1=Q (35... Rd2+ 36. Kxd2 h1=Q 37. Qxf4) 36. Qd6#)
34. c6+ Kc8 35. Nb5 Rxf3+ 36. Kd4 $18) ({Black's best option is the "inhuman"} 
31... Rf1 $1 32. Ke4 Kd7 33. Kxf4 {with a draw.}) 32. c4 Rf1 (32... Kc8 33. c5
Kb7 34. Kc4 $1 $18 {[%cal Gc4b5]}) 33. c5 Rd1+ 34. Kc4 (34. Ke4 h4 35. c6+ Kd6
{with a possible draw.}) 34... h4 35. Nb5 Kc8 36. c6 Rc1+ 37. Kd5 h3 38. Nd6+
Kd8 $1 (38... Kb8 39. c7+ Rxc7 40. bxc7+ Kxc7 41. Ne4) 39. Nf7+ (39. c7+ Kd7)
39... Ke7 (39... Kc8 40. Ne5 $1 $18) 40. b7 h2 41. b8=Q h1=Q {with the usual 0.
00 :).}) 30. c4 Rxf2+ 31. Kc3 h5 (31... Kc8 32. c5 Kb7 33. b4 h5 34. Kc4 $1 {
Once his highness joins the battle there is really nothing Black can do to put
up a fight!}) 32. c5 h4 33. c6+ Kd6 34. b7 Kc7 35. Ne6+ Kb8 36. Nc5 {Funnily
this win turned out to be quite crucial for our Indian team to.... draw the
match with Mongolia! SPOILER ALERT! Our only draw in the entire event we
managed to win all the remaining rounds!} 1-0

[Event "Dortmund"]
[Site "Dortmund"]
[Date "1992.??.??"]
[Round "4"]
[White "Kasparov, Garry"]
[Black "Piket, Jeroen"]
[Result "1-0"]
[WhiteElo "2780"]
[BlackElo "2615"]
[Annotator "Anand,V"]
[PlyCount "80"]
[EventDate "1992.04.16"]
[EventType "tourn"]
[EventRounds "9"]
[EventCountry "GER"]
[EventCategory "17"]
[SourceTitle "CBM 029"]
[Source "ChessBase"]
[SourceDate "1992.08.01"]
[SourceVersion "1"]
[SourceVersionDate "1992.08.01"]
[SourceQuality "1"]

1. e4 e5 2. Nf3 Nc6 3. d4 exd4 4. Nxd4 Nf6 5. Nxc6 bxc6 6. e5 Qe7 7. Qe2 Nd5 8.
c4 Nb6 9. Nd2 Qe6 10. b3 Bb4 11. Bb2 O-O 12. O-O-O d5 13. exd6 Qxd6 14. Nf3 (
14. Qe3 $1 $14) 14... Qh6+ 15. Qe3 (15. Kb1 Bf5+ 16. Ka1 Rae8 $17) 15... Qxe3+
16. fxe3 Re8 17. e4 Nd7 $1 18. e5 a5 19. Bd3 Nc5 20. Bc2 a4 21. Nd4 axb3 22.
axb3 Ra6 23. h3 Ne6 24. Rhf1 Nxd4 25. Rxd4 g6 26. Be4 Be6 $10 27. Kc2 Be7 28.
Ra1 Rxa1 29. Bxa1 Ra8 30. Bb2 Ra2 (30... Ra6 $1 $10) 31. c5 $1 Ra5 (31... Bxc5
32. Ra4 Rxa4 33. bxa4 $14) 32. b4 Ra6 33. Bc3 f6 $2 (33... h5 $10) (33... Kf8
$10) 34. Rd1 fxe5 (34... f5 35. Bf3 Kf7 $10) 35. Ra1 Rxa1 36. Bxa1 $16 Bf6 (
36... Bd7 37. Bxe5 Bd8 38. Kb3 $16) 37. Bxc6 Bf5+ 38. Kb3 Kf7 39. b5 Ke7 40.
Kc4 Be6+ $138 1-0

[Event "Linares 10th"]
[Site "Linares"]
[Date "1992.??.??"]
[Round "8"]
[White "Kasparov, Garry"]
[Black "Short, Nigel D"]
[Result "1-0"]
[WhiteElo "2780"]
[BlackElo "2685"]
[Annotator "Anand,V"]
[PlyCount "95"]
[EventDate "1992.02.??"]
[EventType "tourn"]
[EventRounds "13"]
[EventCountry "ESP"]
[EventCategory "17"]
[SourceTitle "CBM 028"]
[Source "ChessBase"]
[SourceDate "1992.06.01"]
[SourceVersion "1"]
[SourceVersionDate "1992.06.01"]
[SourceQuality "1"]

1. e4 {Schussler Hansen,Cu} e5 2. Nf3 Nc6 3. d4 exd4 4. Nxd4 Bc5 5. Be3 Qf6 6.
c3 Nge7 7. Bc4 O-O (7... Ne5 {Schussler} 8. Be2 Qg6 9. O-O d6 (9... Qxe4 $2 10.
Nd2 Qg6 11. f4 N5c6 12. f5 Qf6 13. Ne4 Qe5 14. Qd3 $16) (9... d5 10. Bh5 $1
Qxe4 11. Nd2 Qd3 12. N4f3 $16 {Ehlvest,J-Beljavskij,A, Reykjavik 1991.}) 10. f3
(10. f4 $1 Qxe4 $6 11. Bf2 Nd7 12. Bd3 Qd5 13. c4 $18 {Steingrimsson,H-Lukacs,
P, Kecskemet 1991.}) 10... O-O 11. Kh1 d5 12. Nd2 dxe4 13. fxe4 Bb6 14. Bf4
N7c6 $10 {Illescas Cordoba,M-Karpov,An, Linares 1992 CBM 28 game 468.}) 8. O-O
Bb6 9. Nc2 $1 {An excellent way to rearrange his pieces - Ne3,f4,Nd2} (9. Bb3
Rd8 (9... d6 {Hansen,Cu} 10. Kh1 Nxd4 11. cxd4 Nc6 12. Nc3 Bxd4 13. Nd5 Qe5 14.
Bxd4 Qxd4 15. Nxc7 $16 {Dolmatov-Yusupov (10)/Wijk cm 30'/1991/1/2-1/2/}) (9...
Na5 10. Nc2 Qg6 11. Re1 d6 12. Nd2 Nxb3 $10 {Nijboer-Van der Wiel/NLD-ch/1991/}
)) (9. Kh1 {Hansen,Cu} Rd8 10. Qh5 h6 11. Nd2 d5 12. exd5 Nxd4 13. cxd4 Bf5 $15
{Kasparov-Kamsky/Tilburg/1991/}) (9. Na3 {Schussler} Nxd4 $5 (9... Qg6 10. Nxc6
bxc6 11. Re1 d6 12. Qd2 Bb7 13. Rad1 h6 14. Nc2 Rad8 $13 {Leko,P-Van der
Sterren,P, Nettetal 1992.}) 10. cxd4 d5 11. exd5 Rd8 12. Qh5 h6 13. Rfe1 Bf5
14. Qf3 Rd7 $1 15. Nb5 Rad8 $10 {Chandler,M-Short,N (2)/Eng-ch m/1991/1/2-1/2/
57 CBM 28/1} 16. Nc3 Bxd4 17. Bxd4 Qxd4 18. Bb5 $13) 9... d6 10. Bxb6 axb6 11.
f4 g5 {At this point Kasparov had to put on his glasses! The move itself is
not so bad if followed up carefully} (11... Be6 $5 {Hansen,Cu}) 12. f5 Ne5 13.
Be2 Bd7 14. c4 g4 $2 {This is really bad because it not only fails to disrupt
white's development but also concedes the f4 square- an ideal square for
white's king in the endgame} (14... Ba4 $1 15. b3 Bc6 16. Qd4 (16. Nc3 Nxc4 17.
Bxc4 Qxc3 {During the post-mortem Kasparov came close to making this work but
falling short} 18. Qh5 Kh8 19. Rf3 Qg7 $1 20. Raf1 f6 (20... Ng8 $5)) (16. Nd2
Kh8) 16... Kh8 17. Nc3 $14) 15. Nc3 h5 16. Qd2 Kh8 17. Qf4 Bc6 18. Ne3 Nd7 {
What else? White can play a4,b4 etc} (18... Rg8 $13 {Hansen,Cu}) 19. Bxg4 hxg4
20. Nxg4 Qh4 (20... Qd4+ {Hansen,Cu} 21. Kh1 {/\Qh6+f5-f6}) 21. Rf3 Ng6 22. Qe3
Qxg4 23. Qh6+ Kg8 24. Rh3 (24. Rg3 $1 {Much quicker} Qxg3 (24... Nde5 25. f6
$18) (24... Nge5 25. Rxg4+ Nxg4 26. Qg5+) 25. hxg3 Nge5 (25... Nf6 26. fxg6 $18
) 26. Qg5+ Kh7 27. Kf2 $1 $18) 24... Qxh3 {Now Nigel is given a chance to
fight on for awhile} 25. gxh3 Nge5 26. f6 Nxf6 27. Qxf6 Rae8 28. Kh1 Ng6 29. h4
Re6 30. Qg5 Rfe8 31. h5 Re5 32. Qh6 Rxe4 33. Nxe4 Rxe4 34. Kg1 Ne5 (34... Rg4+
35. Kf1 Nf4 36. a4 $1 $18) 35. Qg5+ Kh7 36. Qf5+ Kh6 37. Rf1 Re2 38. Qf6+ Kh7
39. Qg5 Be4 40. h6 Bg6 41. h4 Re4 42. h5 Rg4+ 43. Qxg4 Nxg4 44. hxg6+ fxg6 45.
Rf7+ Kxh6 46. Rxc7 Ne5 47. Rxb7 Nxc4 48. b3 1-0